000 00391nam a22001577a 4500
005 20240406112352.0
008 240406b |||||||| |||| 00| 0 eng d
041 _aMarathi
082 _a891.46
_bDHA
100 _aDharmadhikari Avinash
_9206203
245 _a Swatantra Nagarik
260 _aPune
_bChanakya Mandal Pariwar
_c2016
300 _a304
650 _aNon Fiction
942 _cDB
999 _c357694
_d357694